000 00357nam a2200145Ia 4500
008 230917s9999||||xx |||||||||||||| ||und||
040 _e142305
_aMAIN
041 _aEnglish
082 _a364.12 J63C
100 _aJohnson, Elmer Hubert
245 0 _aCrime, correction and society
260 _aAmerica
_bDorsey
_c1964
300 _a611p. p.
942 _cBK
999 _c201621
_d201621